Detalles MARC
| 000 -LÍDER |
| Campo fijo de descripción fija |
02724aam a2200337 i 4500 |
| 001 - NÚMERO DE CONTROL |
| Campo de control |
768714001 |
| 003 - IDENTIFICADOR DEL NÚMERO DE CONTROL |
| Campo de control |
CO-MdFUSB |
| 005 - FECHA Y HORA DE LA ULTIMA TRANSACCIÓN |
| control field |
20250421104853.0 |
| 007 - CAMPO FIJO DE DESCRIPCIÓN FIJA--INFORMACIÓN GENERAL |
| Campo fijo de descripción fija |
ta |
| 008 - ELEMENTOS DE LONGITUD FIJA -- INFORMACIÓN GENERAL |
| Campo fijo de descripción fija -- Información general |
231023t20012001spaa||ag |||| 00| 0 spa d |
| 020 ## - NÚMERO INTERNACIONAL NORMALIZADO PARA LIBROS |
| Número Internacional Normalizado del libro |
8486874769 |
| 040 ## - FUENTE DE CATALOGACIÓN |
| Agencia de catalogación original |
CO-MdFUSB |
| Idioma de catalogación |
spa |
| Agencia que realiza la transcripción |
CO-MdFUSB |
| Agencia que realiza la modificación |
CO-MdFUSBC |
| Convenciones de la descripción |
rda |
| 041 ## - CÓDIGO DE IDIOMA |
| Código de idioma para texto/pista de sonido o título separado |
spa |
| Código de idioma original |
eng |
| 082 ## - NÚMERO DE CLASIFICACIÓN DECIMAL DEWEY |
| Número de la edición del Dewey |
23 |
| Número de clasificación |
364.675 |
| Clave de autor-Numero de item |
AC168 |
| 240 ## - TITULO UNIFORME |
| Título uniforme |
<a href="End impunity. Justice for the victims of torture">End impunity. Justice for the victims of torture</a> |
| 245 1# - TÍTULO |
| Título del Material |
Acabar con la impunidad |
| Parte restante del título - Subtitulo |
: justicia para las victimas de tortura |
| Mención de responsabilidad, etc. |
/ edición de Amnistía Internacional |
| 250 ## - MENCIÓN DE EDICIÓN |
| Mención de edición |
Edición española |
| 264 #1 - PRODUCCIÓN, PUBLICACIÓN, DISTRIBUCIÓN, MANUFACTURA, Y COPYRIGHT |
| Lugar de producción, publicación, distribución, manufactura |
Madrid, España : |
| Nombre del productor, publicador, distribuidor |
Amnistía internacional, |
| Fecha de producción, publicación, distribución, manufactura, o copyright |
[2001] |
| 264 #4 - PRODUCCIÓN, PUBLICACIÓN, DISTRIBUCIÓN, MANUFACTURA, Y COPYRIGHT |
| Fecha de producción, publicación, distribución, manufactura, o copyright |
©2001 |
| 300 ## - DESCRIPCIÓN FÍSICA |
| Extensión |
126 páginas |
| Otros detalles físicos |
: fotografías a blanco y negro |
| Dimensiones |
; 24 cm |
| 336 ## - TIPO DE CONTENIDO |
| Fuente |
rdacontent |
| Término de tipo de contenido |
texto |
| Código de tipo de contenido |
txt |
| 337 ## - TIPO DE MEDIO |
| Fuente |
rdamedia |
| Nombre del tipo de medio |
sin mediación |
| Código del tipo de medio |
n |
| 338 ## - TIPO DE SOPORTE |
| Fuente |
rdacarrier |
| Nombre del tipo de soporte |
volumen |
| Código Tipo de soporte |
nc |
| 504 ## - NOTA DE BIBLIOGRAFÍA, ETC. |
| Nota de bibliografía, etc |
Incluye índice |
| 505 ## - NOTA DE CONTENIDO |
| Título |
No hay reconciliación duradera sin justicia: |
| Nota de contenido con formato preestablecido |
El costo de la impunidad -- Procesar a los responsables -- Concesión de reparación a las víctimas -- Cambia la marea. |
| Título |
El delito de tortura y delitos conexos comprendidos en el derecho internacional: |
| Nota de contenido con formato preestablecido |
Fuentes de la prohibición de la tortura en el derecho internacional -- La tortura como delito autónomo -- La tortura como crimen de lesa humanidad -- La tortura como crimen de guerra -- Delitos accesorios -- ¿Qué hay en la mente del cómplice? -- La violación y otros delitos sexuales -- Malos tratos: Un delito de derecho internacional. |
| Título |
El derecho de las víctimas a obtener reparación: |
| Nota de contenido con formato preestablecido |
El derecho a un recurso efectivo -- Restitución, indemnización y rehabilitación -- Actuaciones civiles ante tribunales extranjeros |
| Título |
Ausencia de justicia en el propio país: |
| Nota de contenido con formato preestablecido |
Barreras a la investigación criminal, el procesamiento y la condena -- Deficiencias en el marco jurídico nacional -- Estatutos de prescripción -- Impunidad a través de las leyes que facilitan la tortura -- Impunidad a través de medidas que obstruyen la justicia -- Ausencia de investigaciones prontas e imparciales -- Ausencia de procesamientos -- Condenas que no reflejan la gravedad del delito -- Amnistías e indultos -- ¿Es su país un refugio para presuntos torturadores? |
| Título |
Justicia en el extranjero: |
| Nota de contenido con formato preestablecido |
El ejercicio de la jurisdicción universal por los tribunales nacionales -- La justicia en el extranjero, un instrumento de justicia en el propio país -- Tribunales y cortes penales internacionales. |
| Título |
Recomendaciones: |
| Nota de contenido con formato preestablecido |
Tipificación de la tortura como delito -- Los derechos de las víctimas -- Justicia internacional. |
| 563 ## - NOTA DE ENCUADERNACIÓN |
| Nota de encuadernación |
Rústico. |
| 650 #7 - ASIENTO SECUNDARIO DE MATERIA - TERMINO TEMÁTICO |
| Fuente del encabezamiento o término |
embne |
| 9 (RLIN) |
2116 |
| Término temático o nombre geográfico como elemento de entrada |
Justicia |
| 710 ## - ASIENTO SECUNDARIO - NOMBRE CORPORATIVO |
| Nombre corporativo o de jurisdicción como elemento de entrada |
Amnistía Internacional, |
| 9 (RLIN) |
8990 |
| Término de relación |
editor |
| 942 ## - TIPO DE MATERIAL (KOHA) |
| Tipo de Item KOHA |
Libros General |
| 945 ## - INFORMACIÓN LOCAL DEL REGISTRO |
| Catalogador |
sor1564 |